German Vocabulary "P" - Statistics

General Stats
  • This quiz has been taken 259 times
  • The average score is 11 of 20
Answer Stats
German English % Correct
Polizei police
95%
Pferd horse
91%
Prost! Cheers
81%
Polen Poland
80%
probieren try
75%
putzen clean
73%
Perle pearl
68%
Pflanze plant
68%
Puppe doll
67%
Pfannkuchen pancake
58%
Papagei parrot
58%
Panzer tank
58%
Papst Pope
49%
Pfirsich peach
48%
Pilz mushroom
46%
peinlich embarrassing
36%
preiswert inexpensive
32%
Perücke wig
29%
Pate godfather
20%
Posaune trombone
12%
No matching quizzes found
Score Distribution
Percent of People with Each Score
Percentile by Number Answered
Your Score History
You have not taken this quiz